Statistics for Star Wars: Episode IV - A New Hope Characters Quiz

Click here to take the quiz!

General Stats

  • This quiz has been taken 97 times
  • The average score is 8 of 9

Answer Stats

Actor/ActressDescriptionCharacter% Correct
Mark HamillA young man raised by his aunt and uncle on Tatooine, who dreams of something more than his current life and learns the way of a JediLuke Skywalker
100%
Harrison FordA cynical smuggler hired by Obi-Wan and Luke to take them to Alderaan in his ship, the Millennium Falcon, co-piloted with ChewbaccaHan Solo
98%
Anthony DanielsA protocol droid who speaks over six million languagesC-3PO
96%
Alec GuinnessAn aging Jedi Master who fought during the Clone Wars, survivor of the Great Jedi Purge, and who introduces Luke to the ForceObi-Wan Kenobi
96%
Carrie FisherA member of the Imperial Senate and leader of the Rebel AlliancePrincess Leia
96%
Kenny BakerAn astromech droid who is carrying the Death Star plans and a secret message for Obi-Wan from Princess LeiaR2-D2
96%
Peter MayhewA 200-year-old Wookiee, Han Solo's sidekick, and first mate of the Millennium FalconChewbacca
94%
James Earl JonesA Sith lord, second in command of the Galactic Empire, who hopes to destroy the Rebel AllianceDarth Vader
94%
Peter CushingGovernor of the Imperial Outland Regions and commander of the Death StarGrand Moff Tarkin
55%

Score Distribution

Percentile by Number Answered

Percent of People with Each Score

Your Score History

You have not taken this quiz